| 000 | 00499nam a22001097a 4500 | ||
|---|---|---|---|
| 008 | 110627t xxu||||| |||| 00| 0 eng d | ||
| 010 | _aSCCA F-3 | ||
| 245 | _aSupreme Court Civil Appeal 01 of 2005. Crown Beverages Ltd vs. Sendu Edward | ||
| 260 | _c2005 | ||
| 500 | _aCoram: Odoki CJ. ; Oder, Tsekooko, Karakora and Kanyehamba, JJ.SC. | ||
| 500 | _aAppeal from the decision of the Court of Appeal at Kampala, Mpagi-Bahugeine, Engwau and Kitumba, JJA, dated 8th October, 2004 in Civil Appeal No.17 of 2002 | ||
| 999 |
_c4115 _d4115 |
||